000 01529nam a2200337Ia 4500
001 ebr10053862
003 CaPaEBR
006 m u
007 cr cn|||||||||
008 000802s2000 nyu s 000 0 eng d
020 _z0203906764
020 _z0815338635
040 _aCaPaEBR
_cCaPaEBR
035 _a(OCoLC)84145594
050 1 4 _aPR1111.C52
_bP74 2000eb
082 0 4 _a820.992820904
_221
245 0 0 _aPresence of the past
_h[electronic resource] :
_bmemory, heritage and childhood in post-war Britain /
_cedited by Valerie Krips.
260 _aNew York ;
_aLondon :
_bGarland,
_c2000.
300 _axiv, 125 p.
490 1 _aGarland reference library of the humanities ;
_vvol 2229 ; Children's literature and culture ;
_v21
533 _aElectronic reproduction.
_bPalo Alto, Calif. :
_cebrary,
_d2009.
_nAvailable via World Wide Web.
_nAccess may be limited to ebrary affiliated libraries.
650 0 _aChildren's literature, English
_zGreat Britain
_xHistory and criticism.
650 0 _aEnglish literature
_y20th century
_xHistory and criticism.
650 0 _aHistory in literature.
655 7 _aElectronic books.
_2local
700 1 _aKrips, Valerie,
_d1939-
710 2 _aebrary, Inc.
830 0 _aGarland reference library of the humanities ;
_vv. 2229.
830 0 _aGarland reference library of the humanities.
_pChildren's literature and culture ;
_vv. 21.
856 4 0 _uhttp://site.ebrary.com/lib/rucke/Doc?id=10053862
_zAn electronic book accessible through the World Wide Web; click to view
999 _c178326
_d178326